000 01769nas a2200289 454500
001 18940
005 20260407193505.0
008 260407s2006####ag###########|||spa#d
003 AR-UNSa-BCEJYS
040 _aAR-UNSa-BCEJYS
_bspa
_cAR-UNSa-BCEJYS
080 _a339.9
_xEconomía internacional en general. Relaciones económicas internacionales. Economía mundial
245 1 0 _aLatitud Sur
_pRevista del Centro de investigaciones en estudios latinoamericanos para el desarrollo y la integración
022 _a1850-3659
264 1 _aBuenos Aires :
_bCEINLADI
_c2006
310 _aFrecuencia: Anual
505 _aLatitud Sur es una Revista anual, cuyo primer número se lanzó en el año 2006. La misma es fruto del esfuerzo de las actividades de investigación que realiza el Centro de Investigación en Estudios Latinoamericanos para el Desarrollo y la Integración (CEINLADI), de la Facultad de Ciencias Económicas de la Universidad de Buenos Aires. Se propone restituir los estudios económicos, al campo de la sociedad, la política y la historia, evitando la naturalización de los procesos sociales. Asimismo, pretende generar un espacio interdisciplinario y pluralista entre las distintas ramas del conocimiento.
041 _aspa
942 _cSER
590 _aniveau_biblio:s niveau_hierar:1
100 1 _aMonserrat Llairó, María de
700 1 _aUniversidad de Buenos Aires. Facultad de Ciencias Económicas. Centro de Investigaciones en Estudios Latinoamericanos para el Desarrollo y la Integración
650 _aADMINISTRACION PUBLICA
650 _aSociología
650 _aCiencia política
650 _aECONOMIA INTERNACIONAL
856 4 1 _uhttps://biblioeco.unsa.edu.ar/pmb/images/revistas/Latitud Sur.jpg
_yImagen de portada
_qimage/jpeg
999 _c8509
_d8509